| 000 | 00749nam a2200229 a 4500 | ||
|---|---|---|---|
| 999 |
_c11049 _d11049 |
||
| 001 | 11049 | ||
| 003 | BD-JhCC | ||
| 005 | 20190728090215.0 | ||
| 008 | 190627b 2016bg | ||| ||a| 001 0 ben d | ||
| 020 | _a9789842004544 | ||
| 035 | _a(BD-JhCC)11049 | ||
| 040 |
_aBD-JhCC _dBD-JhCC |
||
| 041 | _aben | ||
| 082 |
_a891.4409 _bCOM 2016 |
||
| 245 |
_aকমরেড আলাউদ্দিন সমগ্র / _cসম্পাদনায় আফরোজ অদিতি । |
||
| 260 |
_aঢাকাঃ _bঅ্যাডর্ন পাবলিকেশন্স; _c২০১৬. |
||
| 300 |
_a557 p. : _c22 cm. |
||
| 650 | _aCollection of Literature | ||
| 700 | _aঅদিতি, আফরোজ | ||
| 942 |
_2ddc _cBK |
||